| 000 | 00803nam a22002057a 4500 | ||
|---|---|---|---|
| 999 |
_c16908 _d16908 |
||
| 003 | AR-CdUCM | ||
| 008 | 190506b ||||| |||| 00| 0 spa d | ||
| 040 |
_aMUNICIPALIDAD PROVINCIAL DEL CUSCO _cBIBLIOTECA MUNICIPAL DEL CUSCO |
||
| 082 |
_22ed. _a770.23 / _bOL47 |
||
| 100 |
_aOllé Pinell, Antonio _936647 |
||
| 245 | _aEnciclopedia de la fotografía / | ||
| 260 |
_aBarcelona : _bDe Gasso Hnos. _c1960. |
||
| 300 |
_a334 paginas ; _bIlustraciones, _c20 cm. |
||
| 505 | _aContenido : Proceso histórico de la fotografía -- Sus orígenes -- Primeros ensayos -- Primeros pasos de la fotografía como arte -- Técnica del procedimiento... | ||
| 650 |
_aLa fotografia _936648 |
||
| 650 |
_aMaquina fotográfica _936649 |
||
| 650 |
_aDiafragma _936650 |
||
| 942 |
_2ddc _cLIBROS |
||
| 945 |
_awnts _d2019-05-6 |
||